000 01829nam a2200325 i 4500
003 DO-SdBNP
005 20230627144303.0
007 ta
008 190424s2018 dr a 000 spa d
040 _aDO-SdBNP
_bspa
_cBNPHU
_erda
082 4 _a305.26
_bM678d
_222
245 0 0 _aMisión dominicana envejece :
_bretos, realidades y propuestas sobre la vejez y el envejecimiento en la República Dominicana /
_cinvestigación Carmen Elisa Florez Nieto ... [et al.]
264 _aSanto Domingo :
_bFundación NTD,
_c2018.
300 _a334 páginas :
_bil., cuadros, grafs., tabls.,
_c28 cm. +
_eResumen
336 _2rdacontent
_atexto
_btxt
337 _2rdamedia
_asin mediación
_bn
338 _2rdacarrier
_avolumen
_bnc
500 _aIncluye referencias bibliográficas al final de los capítulos
504 _aBibliográfia : p. 334
505 _aCapítulo 1--
_tSituación demográfica en República Dominicana --
_gCapítulo 2.
_tRetos del sistema de salud frente a la vejez y el envejecimiento. La situación en República Dominicana --
_gCapítulo 3.
_tEl cuidado y los cuidadores en República Dominicana --
_gCapítulo 4.
_tEducación, empleo y situación económica de la personas mayores en República Dominicana--
_gCapítulo 5.
_tAhorro e inversión para la vejez --
_gCapítulo 6.
_tInmigración internacional y adulto mayor en República Dominicana.
590 _aInventariado, 2022/MFF
650 4 _aVejez
_xAspectos sociales
_zRepública Dominicana
_981739
650 4 _aVejez
_xAspectos económicas
_zRepública Dominicana
_981740
650 4 _aVejez
_zAmérica Latina
_981741
650 4 _aAsistencia a la vejez
_zRepública Dominicana
_981742
651 4 _aRepública Dominicana
_xPoblación
_91423
700 1 _aFlorez Nieto, Carmen Elisa
_981743
910 _aValidado.Control de calidad MFF
942 _2ddc
_cLBS1
999 _c48362
_d48362